LEADER 01126nam a2200265 u 4500 001 000000112384 003 CaOOAMICUS 005 20080707125145.0 008 080707s2008 it u000 u ita u 020 $z978-88-382-4044-7* 040 $aPUL$bita$dLDB 245 00$aEmergenze umanistiche e fondamentalismi religiosi :$bcon quale dialogo? /$cIgnazio Sanna (ed.) 260 $aRoma :$bStudium,$c2008. 300 $a204 p. ;$c21 cm. 490 1 $aDialettica ;$v31 504 $aBibliografia in nota. 650 4$aAntropologia.$0(OLS)http://pul/subject/1028 700 1 $aSanna, Ignazio,$carcivesc. di Oristano.$0(OLS)http://pul/name/20154 830 0$aDialettica ;$v31.$0(OLS)http://pul/title/3052 850 $aPUL 852 $aPUL$W1$xSL Religione 3$y85$m261 SANIG 1$j128571$qDDC 21$B127505$CPULBib$Z2$F127505 $H107918 $82 941 1 $a9 996 $6020$z978-88-382-4044-7*$9(OLS)http://pul/number/138304 996 $6245$aEmergenze umanistiche e fondamentalismi religiosi :$bcon quale dialogo?$9(OLS)http://pul/title/141234 996 $6260$aRoma :$bStudium$9(OLS)http://pul/publisher/47892 LEADER 01343nam a2200277 a 4500 001 000000174698 003 CaOOAMICUS 005 20210729160410.0 008 210729s2020 vc u000 u eng r 032 $aLibriCat 040 $aPUL$bita$d 110 2 $aPontificio Consiglio per il dialogo interreligioso.$0(OLS)http://pul/name/15634 245 10$aCelebrating 25 years of Hindu-Christian fellowship /$cPontifical Council for Interreligious Dialogue. 260 $aCittą del Vaticano :$bPontificio Consiglio per il Dialogo Interreligioso,$c2020. 300 $a112 p. ;$c21 cm 650 4$aCristianesimo e altre religioni$xInduismo.$0(OLS)http://pul/subject/18918 650 4$aDialogo interreligioso.$0(OLS)http://pul/subject/33329 850 $aPUL 852 $aPUL$W1$xSL Religione 3$y85$m261. 2 PCDI 2$j199014$qDDC 21$B203648$CPULBib$Z2$F203648 $H135125 $82 910 $aSecretariatus pro non Christianis$915634 910 $aSecretariatus pro non Christianis$915634 910 $aPontificium Consilium pro Dialogo inter Religiones.$915634 941 1 $a9 996 $6245$aCelebrating 25 years of Hindu-Christian fellowship$9(OLS)http://pul/title/216019 996 $6260$aCittą del Vaticano :$bPontificio Consiglio per il Dialogo Interreligioso$9(OLS)http://pul/publisher/82507